Il suono di una mano sola /

Guardat en:
Dades bibliogràfiques
Autor principal: Bouvier, Nicolas (Autor)
Format: Llibre
Idioma:italià
Publicat: Reggio Emilia : Diabasis, \1999!
Col·lecció:Casa d'altri
Matèries:
Etiquetes: Afegir etiqueta
Sense etiquetes, Sigues el primer a etiquetar aquest registre!

MARC

LEADER 00000nam a22000007i 4500
001 IT\ICCU\FER\0173008
003 ItRI
005 20250306111649.0
008 990628s1999 it |||||| ||||| |||||c
020 |a 8881030160 
040 |b ita  |c Arcigay Rimini 
041 7 |a ita  |2 ISO-639-2 
082 |a 952  |2 12 
100 1 |a Bouvier, Nicolas  |0 IT\ICCU\RAVV\065542  |4 aut 
240 1 0 |a Cronique japonaise  |9 Bouvier, Nicolas 
245 1 3 |a Il suono di una mano sola /  |c Nicolas Bouvier. 
260 |a Reggio Emilia :  |b Diabasis,  |c \1999! 
300 |a 236 p. ;  |c 20 cm 
500 |a Tit in cop.: Cronache giapponesi 
500 |a Trad. di Paola Olivi e Beppe Sebaste. 
650 7 |a Giappone  |x Descrizioni e viaggi 
830 0 |a Casa d'altri  |0 IT\ICCU\REA\0040139 
942 |2 ddc  |c BK 
952 |0 0  |1 0  |2 ddc  |4 0  |6 952_000000000000000_BOU_ILS  |7 1  |9 3601  |a RN  |b RN  |d 2025-03-06  |l 0  |o 952 BOU ILS  |p 10860  |r 2025-03-06 11:17:34  |w 2025-03-06  |y BK  |z Donazione di Giovanni Rimondini 
981 1 |6 z01  |a i   |b xxxe  
982 1 |6 z01  |a n 
999 |c 2794  |d 2794